| 000 | 00529cam a22001818i 4500 | ||
|---|---|---|---|
| 008 | 171129s2019 pau b 001 0 eng | ||
| 020 | _a9780323511452 (pbk. : alk. paper) | ||
| 050 | 0 | 0 |
_aRJ45 _b.N45 |
| 082 | 0 | 0 | _a618.92 |
| 245 | 0 | 0 |
_aNelson essentials of pediatrics / _c[edited by] Karen J. Marcdante, Robert M. Kliegman. |
| 250 | _aEighth edition. | ||
| 260 |
_aPhiladelphia _bElsevier _c2019 |
||
| 300 | _axiii,818p | ||
| 650 | 1 | 2 | _aPediatrics |
| 700 | 1 | _aMarcdante, Karen J., | |
| 700 | 1 | _aKliegman, Robert, | |
| 942 | _cBK | ||
| 999 |
_c2803 _d2803 |
||